00529nam a2200169Ia 4500008004100000041000800041082001400049100003000063245006400093250000800157260004700165300000700212650002200219942000700241952009600248999001500344230711s9999||||xx |||||||||||||| ||und|| aENG a624bBU-I aBureau of Indian Standard 0aSI : 4962 1968bSpecification for wooden side shiding doors a1st c1968aNew DelhibBureau of Indian Standard a10 aCivil Engineering cBK 001040708RaMCLbMCLd0000-00-00l0o624 BU-Ip7972r2023-08-17 14:41:38w2023-08-17yBK c8132d8132